مكتبة جامعة عجلون الوطنية

فهرس بحث المكتبة

Normal view MARC view
  • اقتصاد اسلامي - المرابحة - البنوك الاسلامية

Entry Topical Term

Number of records used in: 1

001 - CONTROL NUMBER

  • control field: 58262

003 - CONTROL NUMBER IDENTIFIER

  • control field: JO-AjAnu

005 - DATE AND TIME OF LATEST TRANSACTION

  • control field: 20230606083533.0

008 - FIXED-LENGTH DATA ELEMENTS

  • fixed length control field: 230606|| aca||aabn | a|a d

040 ## - CATALOGING SOURCE

  • Original cataloging agency: JO-AjAnu
  • Transcribing agency: JO-AjAnu

150 ## - HEADING--TOPICAL TERM

  • Topical term or geographic name entry element: اقتصاد اسلامي - المرابحة - البنوك الاسلامية

670 ## - SOURCE DATA FOUND

  • Source citation: Work cat.: (JO-AjAnu)29722: اعداد محمداحمدسليمان العبادي؛ اشراف محمود سليم الشويات, author 58261, مدى التزام العاملين في البنوك الاسلامية الاردنية بتنفيذ صيغة المرابحة للامر بالشراء( دراسة ميدانية) = The Extent of the Commitment of the Employees in Jordanian Islamic Banks to Implement Islamic AlmurabahaFormula According to the Shariah Standard(A Field Study)